<?xml version="1.0" encoding="UTF-8"?>
<record
    xmlns:xsi="http://www.w3.org/2001/XMLSchema-instance"
    xsi:schemaLocation="http://www.loc.gov/MARC21/slim http://www.loc.gov/standards/marcxml/schema/MARC21slim.xsd"
    xmlns="http://www.loc.gov/MARC21/slim">

  <leader>01534nam a2200289 i 4500</leader>
  <controlfield tag="003">PPAK</controlfield>
  <controlfield tag="005">20250917123645.0</controlfield>
  <controlfield tag="008">250908s2024    my ao  gr6    000 0 may  </controlfield>
  <datafield tag="020" ind1=" " ind2=" ">
    <subfield code="a">9789671903322</subfield>
    <subfield code="c">RM 14.00</subfield>
    <subfield code="q">paperback</subfield>
  </datafield>
  <datafield tag="040" ind1=" " ind2=" ">
    <subfield code="a">PPAK</subfield>
    <subfield code="b">eng</subfield>
    <subfield code="c">PPAK</subfield>
    <subfield code="e">rda</subfield>
  </datafield>
  <datafield tag="082" ind1=" " ind2=" ">
    <subfield code="2">23</subfield>
    <subfield code="a">741.59595</subfield>
  </datafield>
  <datafield tag="090" ind1="0" ind2="0">
    <subfield code="a">741.59595</subfield>
    <subfield code="b">MUH</subfield>
    <subfield code="d">G</subfield>
  </datafield>
  <datafield tag="100" ind1="0" ind2=" ">
    <subfield code="a">Muhammad Zaid Fakhri Mohd Zawawi,</subfield>
    <subfield code="e">author,</subfield>
    <subfield code="e">editor,</subfield>
    <subfield code="e">illustrator. </subfield>
  </datafield>
  <datafield tag="245" ind1="1" ind2="0">
    <subfield code="a">MIGHTY KNIGHT BAYU.</subfield>
    <subfield code="n">04 :</subfield>
    <subfield code="b">BADIA! /</subfield>
    <subfield code="c">PENULIS MUHAMMAD ZAID FAKHRI MOHD ZAWAWI, SHAFIQ MANSOR ; ARTIS GRAFIK SHAFIQ MANSOR, ARSYARI ADNAN</subfield>
  </datafield>
  <datafield tag="264" ind1=" " ind2="1">
    <subfield code="a">Kuantan, Pahang : </subfield>
    <subfield code="b">WIROES STUDIO ENTERPRISE, </subfield>
    <subfield code="c">2024</subfield>
  </datafield>
  <datafield tag="300" ind1=" " ind2=" ">
    <subfield code="a">1 volume : </subfield>
    <subfield code="b">colour illustrations ; </subfield>
    <subfield code="c">21 cm</subfield>
  </datafield>
  <datafield tag="336" ind1=" " ind2=" ">
    <subfield code="a">text</subfield>
    <subfield code="2">rdacontent</subfield>
  </datafield>
  <datafield tag="337" ind1=" " ind2=" ">
    <subfield code="a">unmediated</subfield>
    <subfield code="2">rdamedia</subfield>
  </datafield>
  <datafield tag="338" ind1=" " ind2=" ">
    <subfield code="a">volume</subfield>
    <subfield code="2">rdacarrier</subfield>
  </datafield>
  <datafield tag="520" ind1=" " ind2=" ">
    <subfield code="a">Sejurus tamat menyelesaikan tugasan menumpaskan Native Prime Berang, Mirul mendapat keizinan bercuti setelah permohonannya diluluskan. Beliau telah menghadiri acara jualan kad Emas Bobo Kembara Angkasa yang terkini. Di sana Mirul telah bertemu dengan seorang pemuda misteri bernama Wan. Keadaan menjadi huru - hara apabila Native Prime Kencang muncul dan Mirul tidak mempunyai MK Driver untuk menentang musuh tersebut. Mampukah Mirul menyelesaikan situasi ini?</subfield>
  </datafield>
  <datafield tag="650" ind1="1" ind2="0">
    <subfield code="a">Comic books, strips, etc. </subfield>
    <subfield code="z">Malaysia</subfield>
  </datafield>
  <datafield tag="650" ind1="2" ind2="0">
    <subfield code="a">Comic books and teenagers </subfield>
  </datafield>
  <datafield tag="650" ind1="2" ind2="0">
    <subfield code="a">Superheroes </subfield>
    <subfield code="z">Malaysia</subfield>
  </datafield>
  <datafield tag="700" ind1="0" ind2=" ">
    <subfield code="a">Shafiq Mansor,</subfield>
    <subfield code="e">author,</subfield>
    <subfield code="e">illustrator.</subfield>
  </datafield>
  <datafield tag="700" ind1="0" ind2=" ">
    <subfield code="a">Arsyari Adnan, </subfield>
    <subfield code="e">illustrator.</subfield>
  </datafield>
  <datafield tag="942" ind1=" " ind2=" ">
    <subfield code="2">ddc</subfield>
    <subfield code="c">B</subfield>
  </datafield>
  <datafield tag="999" ind1=" " ind2=" ">
    <subfield code="c">200733</subfield>
    <subfield code="d">200733</subfield>
  </datafield>
  <datafield tag="952" ind1=" " ind2=" ">
    <subfield code="0">0</subfield>
    <subfield code="7">0</subfield>
    <subfield code="b">PPAK</subfield>
    <subfield code="c">G</subfield>
    <subfield code="d">2025-09-17</subfield>
    <subfield code="l">2</subfield>
    <subfield code="o">741.59595 MUH</subfield>
    <subfield code="p">A01881978</subfield>
    <subfield code="r">2026-03-07 10:18:11</subfield>
    <subfield code="s">2026-02-14</subfield>
    <subfield code="y">B</subfield>
  </datafield>
  <datafield tag="952" ind1=" " ind2=" ">
    <subfield code="0">0</subfield>
    <subfield code="7">0</subfield>
    <subfield code="b">SP</subfield>
    <subfield code="c">G</subfield>
    <subfield code="d">2025-09-17</subfield>
    <subfield code="l">1</subfield>
    <subfield code="o">741.59595 MUH</subfield>
    <subfield code="p">A01881979</subfield>
    <subfield code="q">2026-05-09</subfield>
    <subfield code="r">2026-04-18 16:38:03</subfield>
    <subfield code="s">2026-04-18</subfield>
    <subfield code="y">B</subfield>
  </datafield>
  <datafield tag="952" ind1=" " ind2=" ">
    <subfield code="0">0</subfield>
    <subfield code="7">0</subfield>
    <subfield code="b">JT</subfield>
    <subfield code="c">G</subfield>
    <subfield code="d">2025-09-17</subfield>
    <subfield code="l">0</subfield>
    <subfield code="o">741.59595 MUH</subfield>
    <subfield code="p">A01881980</subfield>
    <subfield code="r">2025-09-17 12:42:33</subfield>
    <subfield code="y">B</subfield>
  </datafield>
  <datafield tag="952" ind1=" " ind2=" ">
    <subfield code="0">0</subfield>
    <subfield code="7">0</subfield>
    <subfield code="b">LW</subfield>
    <subfield code="c">G</subfield>
    <subfield code="d">2025-09-17</subfield>
    <subfield code="l">0</subfield>
    <subfield code="o">741.59595 MUH</subfield>
    <subfield code="p">A01881981</subfield>
    <subfield code="r">2025-09-17 12:42:33</subfield>
    <subfield code="y">B</subfield>
  </datafield>
  <datafield tag="952" ind1=" " ind2=" ">
    <subfield code="0">0</subfield>
    <subfield code="7">0</subfield>
    <subfield code="b">KM</subfield>
    <subfield code="c">G</subfield>
    <subfield code="d">2025-09-17</subfield>
    <subfield code="l">2</subfield>
    <subfield code="o">741.59595 MUH</subfield>
    <subfield code="p">A01881982</subfield>
    <subfield code="r">2026-01-18 16:35:22</subfield>
    <subfield code="s">2025-12-28</subfield>
    <subfield code="y">B</subfield>
  </datafield>
  <datafield tag="952" ind1=" " ind2=" ">
    <subfield code="0">0</subfield>
    <subfield code="7">0</subfield>
    <subfield code="b">BL</subfield>
    <subfield code="c">G</subfield>
    <subfield code="d">2025-09-17</subfield>
    <subfield code="l">1</subfield>
    <subfield code="m">1</subfield>
    <subfield code="o">741.59595 MUH</subfield>
    <subfield code="p">A01881983</subfield>
    <subfield code="r">2026-03-08 16:04:31</subfield>
    <subfield code="s">2025-12-07</subfield>
    <subfield code="y">B</subfield>
  </datafield>
  <datafield tag="952" ind1=" " ind2=" ">
    <subfield code="0">0</subfield>
    <subfield code="7">0</subfield>
    <subfield code="b">BB</subfield>
    <subfield code="c">G</subfield>
    <subfield code="d">2025-09-17</subfield>
    <subfield code="l">0</subfield>
    <subfield code="o">741.59595 MUH</subfield>
    <subfield code="p">A01881984</subfield>
    <subfield code="r">2025-09-17 12:42:33</subfield>
    <subfield code="y">B</subfield>
  </datafield>
</record>
